| 000 | 00843nam a22002777a 4500 | ||
|---|---|---|---|
| 001 | BR7312106 | ||
| 003 | BR-BrBNA | ||
| 005 | 20230928084244.0 | ||
| 007 | ta | ||
| 008 | 230509b bl.||||| |||| 00| 0 por d | ||
| 040 |
_aBR-BrBNA _bpor _cBiblioteca Nacional de Agricultura |
||
| 041 | _a(Por) | ||
| 072 |
_aF00 _b0710 |
||
| 090 | _ 0710 BR7312106 | ||
| 100 | 1 | _aVasconcelos, P.W.C. de | |
| 110 | 1 | _aSecretaria da Agricultura, Industria e Comercio do Estado de Sao Paulo, Sao Paulo (Brasil). Diretoria de Publicidade Agricola | |
| 245 | 1 | _aMacieira, propagacao e poda | |
| 260 | 3 |
_aSao Paulo, SP (Brasil): _c1938. |
|
| 300 | _a16 p. | ||
| 500 | _aReprint of "Boletim de Agricultura" Serials 38 - 1937 | ||
| 650 | _aMACA | ||
| 650 | _aPODA | ||
| 650 | _aREPRODUCAO VEGETAL | ||
| 909 |
_a202309 _bLucia _c55 _dLucia Elande |
||
| 942 | _cBK | ||
| 999 |
_c17728 _d17728 |
||